Normal view
MARC view
- Youth hostels
Entry Topical Term
001 - CONTROL NUMBER
- control field: 11953
003 - CONTROL NUMBER IDENTIFIER
- control field: NUST
005 - DATE AND TIME OF LATEST TRANSACTION
- control field: 20180724052301.0
008 - FIXED-LENGTH DATA ELEMENTS
- fixed length control field: 180724|| aca||aabn | a|a d
040 ## - CATALOGING SOURCE
- Original cataloging agency: NUST
- Transcribing agency: NUST
150 ## - HEADING--TOPICAL TERM
- Topical term or geographic name entry element: Youth hostels
- Geographic subdivision: England
- Form subdivision: Fiction.
670 ## - SOURCE DATA FOUND
- Source citation: Work cat.: (NUST)174319: Christie, Agatha, 1890-1976. 2976, Hickory dickory dock /, 1983.
